000 00800nam a2200217Ia 4500
005 20241129110053.0
008 241129s9999||||xx |||||||||||||| ||und||
020 _a978-93-87195-16-5
037 _aTB
040 _aARTS
_bhin
_cARTS
041 _ahin
_2hin
084 _aQ1v 152R4
_qARTS
100 _aपाण्डेय, कंचन लता, ले.
_9156625
245 0 _aवैदिक साहित्य एवं संस्कृति: एक परिचय
_cपाण्डेय, कंचन लता, ले.
260 _aदिल्ली, भारत
_bशिवालिक प्रकाशन
_c2021
300 _a184पृ0
365 _aINR
_b895
650 _aReligionVedasHistory
_9727107
942 _cTB
_hQ1v 152R4
999 _c1227192
_d1227192